[Event "Titled Tuesday intern op 08th Aug Early"]
[Site "Chess.com INT"]
[Date "2023.08.08"]
[Round "10"]
[White "McLaren, Brian"]
[Black "Samarth, J Rao"]
[Result "1-0"]
[WhiteElo "1996"]
[BlackElo "1616"]
[PlyCount "71"]
[EventDate "2023.08.08"]
[EventType "swiss (blitz)"]
[EventRounds "11"]
[EventCountry "USA"]
[SourceTitle "EXT 2024"]
[Source "ChessBase"]
[SourceDate "2023.10.10"]
[SourceVersion "1"]
[SourceVersionDate "2023.10.10"]
[SourceQuality "1"]

1. g3 c5 2. Bg2 e6 3. c4 a6 4. Nf3 Nc6 5. 0-0 Nf6 6. Nc3 Be7 7. e4 d6 8. d4 cxd4 9. Nxd4 0-0 10. Be3 Nxd4 11. Bxd4 Bd7 12. Rc1 Rc8 13. b3 b5 14. cxb5 axb5 15. Qe2 b4 16. Nb1 Qa5 17. Rfd1 Rxc1 18. Rxc1 Rc8 19. Rxc8+ Bxc8 20. e5 Ba6 21. Qb2 Ne8 22. Nd2 d5 23. h4 Nc7 24. h5 Nb5 25. Nf3 Nc3 26. a4 Ne2+ 27. Kh2 Nxd4 28. Nxd4 h6 29. Nc6 Qc5 30. Nxe7+ Qxe7 31. Qc2 Qc7 32. Qxc7 d4 33. Qb6 d3 34. Be4 f5 35. exf6 d2 36. Qd8+ 1-0

[Event "Titled Tuesday intern op 08th Aug Early"]
[Site "Chess.com INT"]
[Date "2023.08.08"]
[Round "6"]
[White "McLaren, Brian"]
[Black "Sasvatha, A."]
[Result "1-0"]
[WhiteElo "1996"]
[BlackElo "1783"]
[PlyCount "89"]
[EventDate "2023.08.08"]
[EventType "swiss (blitz)"]
[EventRounds "11"]
[EventCountry "USA"]
[SourceTitle "EXT 2024"]
[Source "ChessBase"]
[SourceDate "2023.10.10"]
[SourceVersion "1"]
[SourceVersionDate "2023.10.10"]
[SourceQuality "1"]

1. g3 d5 2. Bg2 Bf5 3. Nf3 e6 4. b3 Nf6 5. Bb2 h6 6. d3 Be7 7. Nbd2 0-0 8. 0-0 c6 9. Re1 Bh7 10. e4 dxe4 11. dxe4 a5 12. Qe2 a4 13. e5 Nd5 14. Ne4 a3 15. Bc1 Nd7 16. Rd1 Bxe4 17. Qxe4 Nc3 18. Qe1 Nxd1 19. Qxd1 Qc7 20. Qe2 Ra5 21. Bd2 Rd5 22. Bc3 b5 23. Re1 b4 24. Bd2 Rb5 25. c4 bxc3 26. Bxc3 Rbb8 27. h4 Nb6 28. Nd4 Nd5 29. Bd2 c5 30. Rc1 Qb6 31. Nf5 exf5 32. Bxd5 Rbd8 33. Bc4 Rd4 34. Bc3 Re4 35. Qf3 g6 36. h5 Bg5 37. Rd1 Kh7 38. hxg6+ fxg6 39. Rd7+ Kh8 40. e6+ Kg8 41. e7+ Re6 42. exf8Q+ Kxf8 43. Bxe6 Qxe6 44. Qd5 Qe2 45. Qf7# 1-0

[Event "Titled Tuesday intern op 08th Aug Early"]
[Site "Chess.com INT"]
[Date "2023.08.08"]
[Round "8"]
[White "Saim, Mohamed Ilias"]
[Black "McLaren, Brian"]
[Result "1-0"]
[WhiteElo "2169"]
[BlackElo "1996"]
[PlyCount "39"]
[EventDate "2023.08.08"]
[EventType "swiss (blitz)"]
[EventRounds "11"]
[EventCountry "USA"]
[SourceTitle "EXT 2024"]
[Source "ChessBase"]
[SourceDate "2023.10.10"]
[SourceVersion "1"]
[SourceVersionDate "2023.10.10"]
[SourceQuality "1"]

1. c4 Nf6 2. g3 e6 3. Bg2 d5 4. Nf3 c5 5. cxd5 exd5 6. d4 c4 7. 0-0 Nc6 8. Bg5 Be7 9. Nc3 Be6 10. Re1 h6 11. Bc1 0-0 12. e4 dxe4 13. Nxe4 Nxe4 14. Rxe4 Bd5 15. Re1 Bf6 16. Be3 Rc8 17. a4 Nb4 18. Ne5 Bxg2 19. Kxg2 Nc2 20. Qxc2 1-0

[Event "Titled Tuesday intern op 7th Mar Early"]
[Site "Chess.com INT"]
[Date "2023.03.07"]
[Round "2"]
[White "Ljukin, Sergei"]
[Black "McLaren, Brian"]
[Result "0-1"]
[WhiteElo "2362"]
[BlackElo "1996"]
[PlyCount "64"]
[EventDate "2023.03.07"]
[EventType "swiss (blitz)"]
[EventRounds "11"]
[EventCountry "USA"]
[SourceTitle "EXT 2024"]
[Source "ChessBase"]
[SourceDate "2023.10.10"]
[SourceVersion "1"]
[SourceVersionDate "2023.10.10"]
[SourceQuality "1"]

1. e4 Nf6 2. e5 Nd5 3. c4 Nb6 4. d4 d6 5. f4 g6 6. Nf3 Bg7 7. Be2 0-0 8. 0-0 Be6 9. d5 Bg4 10. exd6 exd6 11. Nc3 Re8 12. h3 Bxf3 13. Rxf3 N8d7 14. b3 Nc5 15. Bb2 Ne4 16. Qc2 Nxc3 17. Bxc3 Bxc3 18. Rxc3 Qf6 19. Rf1 Rxe2 20. Qxe2 Qxc3 21. f5 Qe5 22. Qg4 Re8 23. f6 Qe3+ 24. Kh1 h5 25. Qd1 Nd7 26. Qc2 Qe5 27. Qf2 b6 28. a4 Qe2 29. Qf4 Qe3 30. Qh4 Qxb3 31. Rf3 Qb1+ 32. Kh2 Qc1 0-1

[Event "Wch Seniors 65 29th"]
[Site "Bucharest"]
[Date "2019.11.15"]
[Round "4"]
[White "McLaren, Brian"]
[Black "Lotsov Har Zahav, Avraham"]
[Result "1-0"]
[WhiteElo "2106"]
[BlackElo "1729"]
[PlyCount "41"]
[EventDate "2019.11.12"]
[EventType "swiss"]
[EventRounds "11"]
[EventCountry "ROU"]
[SourceTitle "CBM 193 Extra"]
[Source "ChessBase"]
[SourceDate "2020.01.31"]
[SourceVersion "1"]
[SourceVersionDate "2020.01.31"]
[SourceQuality "1"]

1. e4 c5 2. Nc3 Nc6 3. g3 g6 4. Bg2 Bg7 5. d3 d6 6. Be3 e5 7. Nge2 Nge7 8. h3 Be6 9. f4 Nd4 10. 0-0 Rb8 11. g4 exf4 12. Nxf4 0-0 13. Qd2 Nec6 14. Rf2 Ne5 15. Ncd5 Bxg4 16. Bxd4 cxd4 17. hxg4 Nxg4 18. Rf3 f5 19. Ne6 Qe8 20. Nxf8 Bh6 21. Qxh6 1-0

[Event "Wch Seniors 65 29th"]
[Site "Bucharest"]
[Date "2019.11.14"]
[Round "3"]
[White "McLaren, Brian"]
[Black "Koskinen, Veikko"]
[Result "1-0"]
[WhiteElo "2106"]
[BlackElo "1892"]
[PlyCount "53"]
[EventDate "2019.11.12"]
[EventType "swiss"]
[EventRounds "11"]
[EventCountry "ROU"]
[SourceTitle "CBM 193 Extra"]
[Source "ChessBase"]
[SourceDate "2020.01.31"]
[SourceVersion "1"]
[SourceVersionDate "2020.01.31"]
[SourceQuality "1"]

1. e4 c6 2. d4 d5 3. e5 Bf5 4. h4 h5 5. c4 e6 6. a3 a5 7. Nc3 Nd7 8. cxd5 cxd5 9. Be2 Bg6 10. Nh3 Ne7 11. Nf4 Nf5 12. g3 Be7 13. Qa4 0-0 14. 0-0 Nb6 15. Qd1 Rc8 16. Bxh5 Bxh5 17. Nxh5 Kh7 18. a4 Rh8 19. Nb5 Kg8 20. Qg4 Kf8 21. b3 Rh7 22. Bd2 Nd7 23. Rfc1 Rxc1+ 24. Rxc1 Nb8 25. Na7 Nc6 26. Nxc6 bxc6 27. Rxc6 1-0

[Event "Ho Chi Minh City HD Bank op 9th"]
[Site "Ho Chi Minh City"]
[Date "2019.03.12"]
[Round "8"]
[White "McLaren, Brian"]
[Black "Navaratnam, Rohan Shan Tze"]
[Result "0-1"]
[WhiteElo "2144"]
[BlackElo "2077"]
[PlyCount "86"]
[EventDate "2019.03.07"]
[EventType "swiss"]
[EventRounds "9"]
[EventCountry "VIE"]
[SourceTitle "CBM 189 Extra"]
[Source "ChessBase"]
[SourceDate "2019.06.03"]
[SourceVersion "1"]
[SourceVersionDate "2019.06.03"]
[SourceQuality "1"]

1. e4 e6 2. d4 d5 3. e5 c5 4. c3 Qb6 5. Ne2 Nc6 6. g3 Bd7 7. Bh3 h5 8. 0-0 h4 9. g4 0-0-0 10. Kh1 Kb8 11. b3 Ka8 12. Be3 f6 13. exf6 Nxf6 14. Nf4 e5 15. Ng6 exd4 16. Nxh8 dxe3 17. fxe3 Ne5 18. Rf5 Bd6 19. Rxe5 Rxh8 20. Rf5 Bxf5 21. gxf5 Bxh2 22. Nd2 Bc7 23. Qf3 Qd6 24. Nf1 Ne4 25. Rc1 Qe5 26. c4 dxc4 27. Rxc4 Nd2 28. Qe2 Nxc4 29. Qxc4 a6 30. Kg1 Ka7 31. a4 Rd8 32. Kf2 Rd1 33. Qxh4 Qb2+ 34. Kf3 Qxb3 35. Qe7 Qd5+ 36. Kf2 Qd8 37. Qf7 Ra1 38. Qb3 Rc1 39. Ke2 Rc3 40. Qb1 Rc4 41. Bg2 Rb4 42. Qd3 Rxa4 43. Nd2 Ra2 0-1

[Event "Ho Chi Minh City HD Bank op 9th"]
[Site "Ho Chi Minh City"]
[Date "2019.03.11"]
[Round "7"]
[White "Chan, Yi Meng Ryan"]
[Black "McLaren, Brian"]
[Result "1/2-1/2"]
[WhiteElo "2060"]
[BlackElo "2144"]
[PlyCount "93"]
[EventDate "2019.03.07"]
[EventType "swiss"]
[EventRounds "9"]
[EventCountry "VIE"]
[SourceTitle "CBM 189 Extra"]
[Source "ChessBase"]
[SourceDate "2019.06.03"]
[SourceVersion "1"]
[SourceVersionDate "2019.06.03"]
[SourceQuality "1"]

1. d4 f5 2. Nc3 d5 3. Nf3 Nf6 4. Bg5 e6 5. e3 Nbd7 6. Bd3 a6 7. Ne2 c5 8. Bxf6 Qxf6 9. c3 Bd6 10. dxc5 Nxc5 11. Bc2 Bc7 12. Qd4 Ne4 13. 0-0 0-0 14. c4 Qxd4 15. Nexd4 dxc4 16. Bxe4 fxe4 17. Ng5 e5 18. Ne2 b5 19. Nxe4 Bb6 20. N2c3 Bb7 21. b3 cxb3 22. axb3 Rac8 23. Rfc1 Rfd8 24. Kf1 b4 25. Na4 Rxc1+ 26. Rxc1 Bxe3 27. fxe3 Bxe4 28. Nc5 Bc6 29. Rc2 Bb5+ 30. Ke1 Kf7 31. Kf2 Ke7 32. Ne4 h6 33. Rc7+ Rd7 34. Rc5 Ke6 35. Kf3 Rf7+ 36. Kg3 Rd7 37. Rxb5 axb5 38. Nc5+ Kd6 39. Nxd7 Kxd7 40. Kf3 Kd6 41. Ke4 Ke6 42. g4 g6 43. h4 h5 44. g5 Kd6 45. Kd3 Kd5 46. e4+ Ke6 47. Ke3 1/2-1/2

[Event "Ho Chi Minh City HD Bank op 9th"]
[Site "Ho Chi Minh City"]
[Date "2019.03.09"]
[Round "4"]
[White "McLaren, Brian"]
[Black "Hoang, Canh Huan"]
[Result "0-1"]
[WhiteElo "2144"]
[BlackElo "2394"]
[PlyCount "92"]
[EventDate "2019.03.07"]
[EventType "swiss"]
[EventRounds "9"]
[EventCountry "VIE"]
[SourceTitle "CBM 189 Extra"]
[Source "ChessBase"]
[SourceDate "2019.06.03"]
[SourceVersion "1"]
[SourceVersionDate "2019.06.03"]
[SourceQuality "1"]

1. e4 Nf6 2. e5 Nd5 3. c4 Nb6 4. d4 d6 5. exd6 cxd6 6. Nc3 g6 7. Be3 Bg7 8. Rc1 0-0 9. b3 e5 10. dxe5 dxe5 11. c5 N6d7 12. Bc4 Nc6 13. Nge2 Na5 14. Bd3 Nf6 15. f3 Be6 16. 0-0 Nc6 17. Qd2 Qe7 18. Rfd1 Rfd8 19. Qe1 Nb4 20. Bb1 Nfd5 21. Nxd5 Nxd5 22. Bd2 Rac8 23. b4 b6 24. cxb6 axb6 25. Rxc8 Rxc8 26. a4 Qa7 27. Kh1 Qxa4 28. Nc3 Nxc3 29. Bxc3 Qb3 30. Bd2 b5 31. Be4 f5 32. Rb1 Qa3 33. Bb7 Rc7 34. Ra1 Qd3 35. Ba8 Rc2 36. Bg5 h6 37. Be7 Re2 38. Qf1 Ra2 39. Bc6 Rxa1 40. Qxa1 e4 41. Qc1 e3 42. Bh4 e2 43. Be1 Bc4 44. g3 Qd6 45. Bb7 Qb6 46. Ba8 Qa6 0-1

[Event "Ho Chi Minh City HD Bank op 9th"]
[Site "Ho Chi Minh City"]
[Date "2019.03.08"]
[Round "3"]
[White "Kavinda, Akila"]
[Black "McLaren, Brian"]
[Result "0-1"]
[WhiteElo "2091"]
[BlackElo "2144"]
[PlyCount "117"]
[EventDate "2019.03.07"]
[EventType "swiss"]
[EventRounds "9"]
[EventCountry "VIE"]
[SourceTitle "CBM 189 Extra"]
[Source "ChessBase"]
[SourceDate "2019.06.03"]
[SourceVersion "1"]
[SourceVersionDate "2019.06.03"]
[SourceQuality "1"]

1. Nf3 c5 2. c4 Nf6 3. g3 b6 4. Bg2 Bb7 5. 0-0 e6 6. Nc3 Be7 7. d4 cxd4 8. Qxd4 d6 9. Bg5 a6 10. Bxf6 Bxf6 11. Qf4 0-0 12. Rfd1 Be7 13. Qe3 Nd7 14. Nd4 Bxg2 15. Kxg2 Rc8 16. b3 Re8 17. Nf3 Qc7 18. Rac1 Nf6 19. Na4 Nd7 20. Nc3 Bf8 21. Ne4 Nc5 22. h4 Red8 23. b4 Nxe4 24. Qxe4 Qe7 25. b5 axb5 26. cxb5 d5 27. Qf4 f6 28. Qe3 Qd6 29. Nd4 e5 30. Nc6 Re8 31. Qb3 Kh8 32. Qxd5 Qa3 33. Qb3 Ra8 34. Qxa3 Rxa3 35. Rc3 h5 36. Rcd3 Ra4 37. R1d2 Kh7 38. Rb2 Kg6 39. Rd8 Rxd8 40. Nxd8 Ba3 41. Rb3 Bd6 42. Rb2 Ba3 43. Rc2 Ra5 44. Rc3 Bc5 45. Nb7 Rxb5 46. a4 Rb4 47. Nxc5 bxc5 48. Ra3 Rb6 49. a5 Ra6 50. Kf3 Kf5 51. Ke3 Ke6 52. Kd3 Kd5 53. e4+ Kc6 54. Kc4 Ra7 55. a6 Kb6 56. Ra1 Kc6 57. Ra2 Kb6 58. f3 Kc6 59. g4 0-1